00297 a2200097 4500082001600000100001400016245010300030260002300133300002600156650001700182 a363.125 HIL aHill, J P aPublished Project Report PPR056: The innovatory analysis of road traffic accident data /cJ P Hill bTRL Limited,c2004 a34P. :bill. ;c30 cm aRoad Traffic